Keshar/ (Record no. 72040)

000 -LEADER
fixed length control field 00361nam a22001577a 4500
020 ## - INTERNATIONAL STANDARD BOOK NUMBER
ISBN 8181110560
082 ## - DEWEY DECIMAL CLASSIFICATION NUMBER
Classification number H3
Item number PUS/K
100 ## - MAIN ENTRY--AUTHOR NAME
Personal name Pushpa Chile
245 ## - TITLE STATEMENT
Title Keshar/
Statement of responsibility, etc by Pushpa Chile
260 ## - PUBLICATION, DISTRIBUTION, ETC. (IMPRINT)
Place of publication Madurai:
Name of publisher Jawahar Pusthakalay,
Year of publication 2007.
300 ## - PHYSICAL DESCRIPTION
Number of Pages 96p.
650 ## - SUBJECT ADDED ENTRY--TOPICAL TERM
Topical Term Novel Hindi
650 ## - SUBJECT ADDED ENTRY--TOPICAL TERM
Topical Term Literature Hindi
650 ## - SUBJECT ADDED ENTRY--TOPICAL TERM
Topical Term Literature
942 ## - ADDED ENTRY ELEMENTS (KOHA)
Koha item type Book
Holdings
Withdrawn status Lost status Damaged status Not for loan Permanent Location Current Location Shelving location Date acquired Cost, normal purchase price Full call number Accession Number Price effective from Koha item type
        Sree Sankaracharya University of Sanskrit Sree Sankaracharya University of Sanskrit Stacks 06.06.2018 150.00 H3 PUS/K 089449 06.06.2018 Book